|
|
|
|
| LEADER |
00000nam0a2200000 4500 |
| 001 |
299768 |
| 005 |
20231102001233.0 |
| 020 |
|
|
|a RU
|b 82-72145
|
| 035 |
|
|
|a (RuTPU)RU\TPU\book\324920
|
| 090 |
|
|
|a 299768
|
| 100 |
|
|
|a 20150702d1982 km y0rusy5003 ca
|
| 101 |
0 |
|
|a rus
|
| 102 |
|
|
|a BY
|
| 105 |
|
|
|a y j 001zy
|
| 200 |
1 |
|
|a Дидактика математики. Общая методика и ее проблемы
|f Н. В. Метельский
|
| 205 |
|
|
|a 2-е изд., перераб.
|
| 210 |
|
|
|a Минск
|c Изд-во БГУ
|d 1982
|
| 215 |
|
|
|a 256 с.
|c ил.
|
| 320 |
|
|
|a Библиогр.: с. 254-255
|
| 606 |
1 |
|
|a Математика
|x Методика обучения
|2 stltpush
|3 (RuTPU)RU\TPU\subj\66435
|9 82562
|
| 610 |
1 |
|
|a учебники
|
| 610 |
1 |
|
|a преподавание
|
| 610 |
1 |
|
|a дидактика
|
| 610 |
1 |
|
|a методология
|
| 610 |
1 |
|
|a математические понятия
|
| 610 |
1 |
|
|a решение
|
| 610 |
1 |
|
|a задачи
|
| 610 |
1 |
|
|a организационные формы
|
| 610 |
1 |
|
|a методы
|
| 610 |
1 |
|
|a доказательства
|
| 675 |
|
|
|a 51(07)
|z rus
|v 3
|
| 700 |
|
1 |
|a Метельский
|b Николай Владимирович
|g Николай Владимирович
|4 070
|
| 801 |
|
0 |
|a RU
|b RuMRKP
|c 19950704
|g psbo
|
| 801 |
|
1 |
|a RU
|b 63413507
|c 20150702
|
| 801 |
|
2 |
|a RU
|b 63413507
|c 20190214
|g RCR
|
| 942 |
|
|
|c BK
|